01017nam a2200313 a 4500001000200000003000900002005001700011007000200028008003800030020001800068040002500086082002400111245001300135260004600148300002800194500001900222534003500241590002600276650004000302650003500342650003400377650002100411650004400432710002600476910004100502942001200543952013100555999001700686 DO-SdBPM20250529102115.0 090819s2010 sp a 000 0 spa d a8425536000881 aDO-SdBPMbspacBPMSU a813.5bU65 201022200aUPc b  a España :bEdiciones el País, c2010 a50 p. :bils. ;c28 cm. aDisney Pixar.  aTexto en español e inglés  aInventariado, 2025/VM 4aCuentos infantiles estadounidenses. 4aCine xAdaptaciones infantiles 4aViajes vCuentos infantiles.  4aAutoaprendizaje. 4aLiteratura infantil estadounidensesv 2 a Disney Enterprises  aVMateo V. Control de calidad. BPMSU  2ddccBK 00102ddc40708CI-GaBPMETbBPMETd2025-05-29eFUNDIl0oBPMSU CGI 813.5 U65 2010pBPMSU25050108r2025-05-29w2025-05-29yBK c15118d15118